000 01486cam a2200373 i 4500
999 _c329159
_d329159
001 17397019
003 ASAB
005 20170425140322.0
008 120723s2008 ii ab bs 000 0 eng
010 _a 2012337013
020 _a978-81-265-3176-9
037 _bLibrary of Congress -- New Delhi Overseas Office
040 _cASAB
042 _alcode
_apcc
043 _aa-ii---
050 0 0 _aTD171.5.I4
_bE564 2008
082 _a626
245 0 0 _aEnvironmental conservation :
_cby Raymod F. Dasman
264 1 _aIndia
_bWiley India Pvt. Ltd.
_cc1959
300 _axv, 486 pages :
_c25 cm
906 _a7
_bcbc
_corigode
_d3
_encip
_f20
_gy-gencatlg
942 _2ddc
_cBK